Business Bhutan

Detalles Bibliográficos
Formato: Seriadas
Lenguaje:inglés
Publicado: Karachi : AsiaNet Pakistan (Pvt), 2013-
Materias:
Acceso en línea:http://www.vlex.com/source/7715

MARC

LEADER 00000nas a22000007a 4500
005 20130503133116.0
007 cr|||| ||||
008 130503c2013 pk fr|| s|||| 0|||a1eng d
035 |a 7715 
040 |a vLex 
090 |c 4273  |d 4273 
245 0 0 |a Business Bhutan  |h [Recurso electrn̤ico]  
256 |a Servicio en ln̕ea 
260 |a Karachi :  |b AsiaNet Pakistan (Pvt),   |c 2013- 
300 |a 1 Recurso electrn̤ico 
506 |d vLex Global  |d vLex Global (Academic Edition, excluding Law Schools)  |d vLex Global (U.S. Academic Edition, Law Schools)  |d vLex Global (U.S. Academic Edition, excluding Law Schools)  |d vLex Global (Academic Edition, Law Schools) 
650 0 4 |a Informacin̤ general  |v Revistas  |z Butǹ 
650 0 4 |a Informacin̤ general  |v Revistas  |z Asia 
740 |a vLex Revistas (Servicio en ln̕ea) 
856 |a Acceso restringido  |u http://www.vlex.com/source/7715 
942 |c REV 
999 0 |a News